000
00204 a2200097 4500
001
8562
100
_a
Kiswar Naheed
245
_a
Buri aurat key katha
260
_a
_b
Sang-e-Meel
_c
090
_c
6889
_d
6889
942
_a
NUST-CAE
_c
M
_c
33476
999
_c
243635
_d
243635